Henri Bergson
| Main Author: | |
|---|---|
| Format: | Book |
| Language: | Undetermined |
| Published: |
Paris
Louis-Michaud
|
MARC
| LEADER | 00000nam a2200000 a 4500 | ||
|---|---|---|---|
| 001 | vtls001413464 | ||
| 003 | SK-MaSNL | ||
| 005 | 20260302035124.0 | ||
| 008 | 240314suuuu xx 0 und | ||
| 035 | |a SNK000368187 | ||
| 040 | |a SNK |b slo |c SNK |e AACR2 | ||
| 100 | 1 | |a Gillouin, René, |d 1881-1971 |4 aut |9 687584 | |
| 245 | 1 | 0 | |a Henri Bergson |
| 260 | |a Paris |b Louis-Michaud | ||
| 300 | |a 222 s. | ||
| 999 | |c 1069341 |d 1071271 | ||
| 952 | |t P60, <04>, [BOOK], {604} |a SNK |b SNK |y VYP |7 0 |p 17A0301103 |o snkID 57771 |0 0 |1 0 |4 0 |d 2001-05-18 |l 0 |r 2005-01-02 00:00:00 |w 2026-02-24 | ||


